Statistics for BeamNG.drive official vehicles

Click here to take the quiz!

General Stats

  • This quiz has been taken 79 times
    (78 since last reset)
  • The average score is 22 of 36

Answer Stats

HintAnswer% Correct
CivettaBolide
89%
Sunburst
85%
D-Series
82%
AutobelloPiccolina
79%
K-Series
77%
BruckellBastion
76%
I-Series
74%
SoliadWendover
74%
BurnsideSpecial
73%
BruckellMoonhawk
71%
T-Series
71%
ETK800-Series
70%
Covet
70%
CherrierFCV
70%
Pessima
70%
Pessima
70%
GavrilH-Series
68%
Scintilla
68%
BruckellLeGran
65%
Pigeon
65%
FPUWydra
62%
Ibishu200BX
61%
Hopper
58%
HirochiSBR4
58%
AutobelloStambecco
56%
Wigeon
56%
GavrilBarstow
55%
GavrilRoamer
52%
Miramar
50%
Bluebuck
48%
SPDunekicker
45%
Grand Marshall
44%
WentwardDT40L
42%
Rockbasher
38%
unknownOld Cannon
18%
N/AUnicycle
6%

Score Distribution

Percentile by Number Answered

Percent of People with Each Score

Your Score History

You have not taken this quiz since the last reset